000 00247nam a2200097Ia 4500
008 190216s9999||||xx |||||||||||||| ||und||
100 _aKesav Narayan Shukla
245 0 _aHindi-Adhunik Kavya Dhara
260 _bMac Millian And Com. Ltd
942 _cBK
999 _c17006
_d17006